[Event "World Blitz Women 2022"]
[Site "Almaty KAZ"]
[Date "2022.12.30"]
[Round "14.14"]
[White "Girya, Olga"]
[Black "Kamalidenova, Meruert"]
[Result "1-0"]
[WhiteTitle "GM"]
[BlackTitle "WIM"]
[WhiteElo "2398"]
[BlackElo "2377"]
[WhiteFideId "4195752"]
[BlackFideId "13712802"]
[EventDate "2022.12.29"]

1. d4 Nf6 2. Nf3 d5 3. c4 e6 4. Nc3 c6 5. Bg5 h6 6. Bxf6 Qxf6 7. e3 Nd7 8. Rc1
g6 9. cxd5 exd5 10. Bd3 Bg7 11. O-O O-O 12. b4 a6 13. a4 b5 14. a5 Qe7 15. Qb3
Kh7 16. Ne2 Bb7 17. Nf4 f5 18. Qb1 Qd6 19. Nh4 g5 20. Bxf5+ Kg8 21. Be6+ Rf7 22.
Nf5 Qf8 23. Nxg7 Qxg7 24. Nh5 Qh7 25. Qxh7+ Kxh7 26. Bxf7 Nf8 27. Ng3 Kg7 28.
Bh5 Kf6 29. f4 g4 30. Bxg4 Re8 31. Rce1 Ne6 32. Bxe6 Rxe6 33. e4 dxe4 34. Nxe4+
Kf7 35. Nc5 Rxe1 36. Rxe1 Bc8 37. Re5 Kf6 38. d5 cxd5 39. Rxd5 Ke7 40. Rh5 Kf6
41. Rxh6+ Kf5 42. Rc6 1-0

[Event "World Blitz Women 2022"]
[Site "Almaty KAZ"]
[Date "2022.12.30"]
[Round "14.15"]
[White "Ovod, Evgenija"]
[Black "Nomin-Erdene, Davaademberel"]
[Result "1-0"]
[WhiteTitle "IM"]
[BlackTitle "IM"]
[WhiteElo "2323"]
[BlackElo "2384"]
[WhiteFideId "4131827"]
[BlackFideId "4900782"]
[EventDate "2022.12.29"]

1. e4 c6 2. d4 d5 3. exd5 cxd5 4. Bd3 Nc6 5. c3 g6 6. h3 Nh6 7. Nf3 Bf5 8. Be2
Bg7 9. O-O O-O 10. Bf4 f6 11. Re1 Nf7 12. Nbd2 e5 13. dxe5 fxe5 14. Bg3 e4 15.
Nh2 h5 16. Nhf1 h4 17. Bh2 Nfe5 18. Ne3 Be6 19. Nb3 Qg5 20. Ng4 Rad8 21. Qc1 Qf5
22. Qe3 Kh7 23. Rad1 Nf7 24. f3 Nh6 25. fxe4 dxe4 26. Rxd8 Rxd8 27. Rf1 Qxf1+
28. Bxf1 Nxg4 29. hxg4 Bxg4 30. Qxe4 Bf5 31. Qxh4+ Kg8 32. Bc4+ Kf8 33. Bg3 Rd1+
34. Kh2 Ne5 35. Be2 Rd7 36. Nd4 Kf7 1-0

[Event "World Blitz Women 2022"]
[Site "Almaty KAZ"]
[Date "2022.12.30"]
[Round "14.16"]
[White "Gong, Qianyun"]
[Black "Druzhinina, Olga"]
[Result "0-1"]
[WhiteTitle "WGM"]
[WhiteElo "2299"]
[BlackElo "2245"]
[WhiteFideId "8602425"]
[BlackFideId "4141911"]
[EventDate "2022.12.29"]

1. e4 c5 2. Nf3 d6 3. d4 cxd4 4. Qxd4 Nc6 5. Bb5 Bd7 6. Bxc6 Bxc6 7. Nc3 h6 8.
Qd3 Nf6 9. Nd4 e5 10. Nf5 g6 11. Ne3 Be7 12. O-O b5 13. a4 b4 14. Ncd5 Nxd5 15.
Nxd5 a5 16. f4 Rc8 17. Be3 Rb8 18. b3 Qd7 19. Rad1 Bd8 20. fxe5 dxe5 21. Qc4 Qe6
22. Bc5 Rc8 23. Qd3 h5 24. Kh1 h4 25. h3 Rh5 26. Be3 Kf8 27. Rf3 Bxd5 28. exd5
Qd6 29. Rdf1 Rh7 30. Qe4 Kg8 31. Bc1 f5 32. Qe2 e4 33. Rf4 Bc7 34. Be3 g5 35.
Qd2 gxf4 36. Bxf4 Qg6 37. d6 Bb6 38. Qd5+ Qf7 39. Qb5 Bd4 40. Rd1 Bf6 41. Qxf5
Rd8 42. Qxe4 0-1

[Event "World Blitz Women 2022"]
[Site "Almaty KAZ"]
[Date "2022.12.30"]
[Round "14.17"]
[White "Munkhzul, Turmunkh"]
[Black "Savitha, Shri B"]
[Result "0-1"]
[WhiteTitle "WIM"]
[BlackTitle "WIM"]
[WhiteElo "2318"]
[BlackElo "2411"]
[WhiteFideId "4901878"]
[BlackFideId "35061887"]
[EventDate "2022.12.29"]

1. e4 c5 2. Nf3 d6 3. d4 cxd4 4. Nxd4 Nf6 5. Nc3 Nc6 6. Bg5 e6 7. Qd2 a6 8.
O-O-O Bd7 9. f4 Be7 10. Nf3 b5 11. Bxf6 gxf6 12. Kb1 Qb6 13. f5 Rc8 14. g3 Na5
15. Qd4 Qxd4 16. Nxd4 Nc4 17. fxe6 fxe6 18. Bh3 b4 19. Nce2 e5 20. Nf5 Rc6 21.
Rd3 Bxf5 22. Bxf5 Kf7 23. Bd7 Rc7 24. Ba4 Kg6 25. Rhd1 Nb6 26. Bb3 a5 27. Be6
Rb8 28. Ng1 Na4 29. R3d2 Nc5 30. Bd5 f5 31. exf5+ Kxf5 32. Rf2+ Kg6 33. Nf3 Kg7
34. Rdf1 Rf8 35. Nd2 Rxf2 36. Rxf2 Bg5 37. Nc4 e4 38. h4 Bf6 39. Re2 Kh8 40. Re1
Rg7 41. Nxd6 Rxg3 42. Nxe4 Nxe4 43. Bxe4 Bxh4 44. Rh1 Rg4 45. Bf5 Rf4 46. Bd3
Kg7 47. a3 bxa3 48. bxa3 h5 49. Rg1+ Kf8 50. Ka2 Bf6 51. Rb1 h4 52. Rb8+ Ke7 53.
Rb7+ Kd6 54. Rh7 a4 55. Kb1 Rg4 56. c4 Kc5 57. Kc2 Rg2+ 58. Kd1 Kd4 59. Rd7+ Kc3
60. c5 Rd2+ 61. Ke1 Rxd3 62. Rf7 Be5 63. Rf5 Bg3+ 64. Ke2 Kc2 65. Rh5 Rxa3 66.
c6 Rc3 67. Ra5 Kb3 68. Ra6 a3 69. Kd2 Bf4+ 70. Ke2 a2 71. Kf2 Kb2 0-1

[Event "World Blitz Women 2022"]
[Site "Almaty KAZ"]
[Date "2022.12.30"]
[Round "14.18"]
[White "Voit, Daria"]
[Black "Injac, Teodora"]
[Result "1/2-1/2"]
[WhiteTitle "WGM"]
[BlackTitle "WGM"]
[WhiteElo "2347"]
[BlackElo "2365"]
[WhiteFideId "4182146"]
[BlackFideId "932400"]
[EventDate "2022.12.29"]

1. d4 Nf6 2. c4 g6 3. g3 Bg7 4. Bg2 O-O 5. Nc3 d6 6. Nf3 Nc6 7. O-O Bf5 8. d5
Na5 9. Nd4 Bd7 10. b3 a6 11. Bb2 c5 12. dxc6 Nxc6 13. e3 Rb8 14. Rc1 Nxd4 15.
exd4 b5 16. c5 b4 17. Ne2 dxc5 18. dxc5 Qc7 19. Nf4 Bc6 20. Re1 Rfd8 21. Qe2
Bxg2 22. Kxg2 Qc6+ 23. Qf3 Qxf3+ 24. Kxf3 e6 25. c6 Rbc8 26. c7 Rd7 27. Red1 g5
28. Rxd7 Nxd7 29. Bxg7 Kxg7 30. Nd3 a5 31. Ke4 Kf6 32. Kd4 Ke7 33. Rc6 Nf6 34.
Nc5 Nd5 35. Na6 Kd7 36. Kc5 Nxc7 37. Nxc7 Rxc7 38. Rxc7+ Kxc7 39. Kb5 Kd6 40.
Kxa5 Kc5 41. Ka4 e5 42. a3 bxa3 43. b4+ Kb6 44. Kxa3 f5 45. Kb3 Kb5 46. g4 fxg4
47. Kc3 h5 48. Kd3 Kxb4 49. Ke4 Kc4 50. Kxe5 Kd3 51. Kf5 Ke2 52. Kxg5 Kxf2 53.
Kxh5 g3 54. hxg3 Kxg3 1/2-1/2

[Event "World Blitz Women 2022"]
[Site "Almaty KAZ"]
[Date "2022.12.30"]
[Round "14.19"]
[White "Beydullayeva, Govhar"]
[Black "Frayna, Janelle Mae"]
[Result "0-1"]
[WhiteTitle "WGM"]
[BlackTitle "WGM"]
[WhiteElo "2387"]
[BlackElo "2265"]
[WhiteFideId "13413015"]
[BlackFideId "5212499"]
[EventDate "2022.12.29"]

1. d4 Nf6 2. c4 g6 3. Nc3 d5 4. cxd5 Nxd5 5. e4 Nxc3 6. bxc3 Bg7 7. Bc4 c5 8.
Ne2 Qc7 9. Bf4 e5 10. Bxe5 Bxe5 11. dxe5 Qxe5 12. O-O O-O 13. Bd5 Nc6 14. c4 Be6
15. f4 Qc7 16. f5 Bxd5 17. exd5 Ne5 18. Ng3 Nxc4 19. Qc1 b5 20. f6 Qe5 21. Nf5
Kh8 22. Ne7 Rad8 23. Kh1 Qe3 24. Qd1 Rfe8 25. Qg4 Qh6 26. Rad1 Ne3 27. Qf3 Nxd1
28. Rxd1 c4 29. d6 b4 30. d7 Rf8 31. Nc6 c3 32. Qd3 Qf4 33. Nxd8 Rxd8 34. Re1
Qxf6 35. Re8+ Kg7 36. h3 c2 37. Qxc2 Rxd7 38. Re1 Qc3 39. Qe2 a5 40. Qe8 Rc7 41.
Re3 Qf6 42. Qa8 Re7 43. Rxe7 Qxe7 44. Qxa5 Qe1+ 45. Kh2 Qc3 46. Qa4 Qa3 47. Qb5
Qc3 48. Qb6 h5 49. Qb5 Qd4 50. Qa4 h4 51. a3 Qe5+ 52. Kg1 Qe3+ 53. Kf1 Qd3+ 54.
Kf2 Qxa3 55. Qb5 Qb2+ 56. Kf3 Qc3+ 57. Ke4 b3 58. Kf4 b2 59. Kg5 Qc1+ 0-1

[Event "World Blitz Women 2022"]
[Site "Almaty KAZ"]
[Date "2022.12.30"]
[Round "14.20"]
[White "Padmini, Rout"]
[Black "Borisova, Ekaterina"]
[Result "1-0"]
[WhiteTitle "IM"]
[BlackTitle "FM"]
[WhiteElo "2389"]
[BlackElo "2223"]
[WhiteFideId "5029295"]
[BlackFideId "34124184"]
[EventDate "2022.12.29"]

1. e4 e5 2. Nf3 Nc6 3. Bb5 a6 4. Ba4 f5 5. d4 exd4 6. e5 b5 7. Bb3 Na5 8. Nxd4
Nxb3 9. axb3 g6 10. O-O Bg7 11. Re1 Ne7 12. Nxb5 Bb7 13. Nd4 O-O 14. Nc3 Kh8 15.
Qd3 f4 16. Nf3 Nc6 17. Ra4 g5 18. h4 a5 19. Nxg5 Rf5 20. Qxf5 Qg8 21. Nf7+ 1-0

[Event "World Blitz Women 2022"]
[Site "Almaty KAZ"]
[Date "2022.12.30"]
[Round "14.21"]
[White "Tokhirjonova, Gulrukhbegim"]
[Black "Maltsevskaya, Aleksandra"]
[Result "0-1"]
[WhiteTitle "WGM"]
[BlackTitle "IM"]
[WhiteElo "2328"]
[BlackElo "2400"]
[WhiteFideId "14203626"]
[BlackFideId "24174041"]
[EventDate "2022.12.29"]

1. e4 c5 2. Nc3 Nc6 3. Nf3 g6 4. Bc4 Bg7 5. O-O e6 6. Re1 Nge7 7. a4 O-O 8. Bf1
d5 9. d3 b6 10. Bf4 Bb7 11. Qd2 dxe4 12. Nxe4 Nd4 13. Nxd4 Qxd4 14. c3 Qd7 15.
Bh6 Bxe4 16. dxe4 Qc7 17. Bf4 e5 18. Bg5 Rad8 19. Qc2 h6 20. Be3 f5 21. f3 Kh7
22. a5 fxe4 23. fxe4 h5 24. axb6 axb6 25. Ra6 Bh6 26. Bxh6 Kxh6 0-1

[Event "World Blitz Women 2022"]
[Site "Almaty KAZ"]
[Date "2022.12.30"]
[Round "14.22"]
[White "Mammadova, Gulnar"]
[Black "Nakhbayeva, Guliskhan"]
[Result "1-0"]
[WhiteTitle "IM"]
[BlackTitle "IM"]
[WhiteElo "2376"]
[BlackElo "2326"]
[WhiteFideId "13403508"]
[BlackFideId "13704788"]
[EventDate "2022.12.29"]

1. e4 e6 2. Qe2 c5 3. g3 Nc6 4. Bg2 g6 5. c3 Bg7 6. d3 Nge7 7. f4 O-O 8. Nf3 b6
9. O-O Ba6 10. Rd1 Rc8 11. Be3 d5 12. e5 d4 13. Bf2 Bb7 14. c4 a6 15. Nbd2 Rc7
16. Ne4 Na7 17. Nfd2 Nf5 18. g4 Nh4 19. Bh1 h6 20. Rf1 g5 21. fxg5 hxg5 22. Bxh4
gxh4 23. Nf6+ Bxf6 24. exf6 Qd6 25. Bxb7 Rxb7 26. Ne4 Qe5 27. Qd2 Kh7 28. Rf5
exf5 29. Qg5 fxe4 30. Qg7# 1-0

[Event "World Blitz Women 2022"]
[Site "Almaty KAZ"]
[Date "2022.12.30"]
[Round "14.23"]
[White "Charochkina, Daria"]
[Black "Zatonskih, Anna"]
[Result "0-1"]
[WhiteTitle "IM"]
[BlackTitle "IM"]
[WhiteElo "2344"]
[BlackElo "2349"]
[WhiteFideId "4180917"]
[BlackFideId "14101572"]
[EventDate "2022.12.29"]

1. d4 d5 2. c4 e6 3. Nc3 Nf6 4. cxd5 exd5 5. Bg5 Be7 6. e3 Nbd7 7. Bd3 c6 8.
Nge2 Nf8 9. h3 Ne6 10. Bh4 O-O 11. Qc2 g6 12. O-O Re8 13. f3 Ng7 14. e4 Be6 15.
Rad1 Rc8 16. Kh1 a6 17. g4 b5 18. a3 a5 19. e5 Nd7 20. Bg3 b4 21. f4 bxc3 22. f5
cxb2 23. fxe6 Nxe6 24. Qxb2 c5 25. Nc3 Nb6 26. Bb5 Rf8 27. Qf2 Nxd4 28. Bf4 Bg5
29. Be3 Bxe3 30. Qxe3 Qe7 31. Ba6 Rce8 32. Nb5 Qxe5 33. Qc3 Qe4+ 34. Kh2 Qe5+
35. Kh1 Nc4 36. Rde1 Qg5 37. Nc7 Rxe1 38. Rxe1 Rb8 39. Bxc4 dxc4 40. Qxc4 Qh4
41. Qf1 Qg3 42. Nd5 Nf3 43. Re2 Rf8 44. Rf2 Ng5 45. Ne7+ Kg7 46. Rh2 Re8 47.
Qa1+ f6 48. Re2 Qxh3+ 49. Kg1 Qg3+ 50. Kf1 Qf3+ 51. Ke1 Ne4 0-1

[Event "World Blitz Women 2022"]
[Site "Almaty KAZ"]
[Date "2022.12.30"]
[Round "14.24"]
[White "Petrova, Irina"]
[Black "Osmak, Yuliia"]
[Result "1/2-1/2"]
[WhiteTitle "WIM"]
[BlackTitle "IM"]
[WhiteElo "2123"]
[BlackElo "2451"]
[WhiteFideId "14124122"]
[BlackFideId "14101602"]
[EventDate "2022.12.29"]

1. e4 d6 2. d4 Nf6 3. Nc3 c6 4. Nf3 Bg4 5. Be2 e6 6. h3 Bxf3 7. Bxf3 Be7 8. O-O
O-O 9. d5 cxd5 10. exd5 e5 11. Re1 Nbd7 12. Ne4 Nxe4 13. Bxe4 f5 14. Bd3 e4 15.
Bf1 Ne5 16. Be3 Bf6 17. Bd4 Qa5 18. c4 Rac8 19. b3 Qc7 20. Rc1 b6 21. Kh1 Nd3
22. Bxd3 Bxd4 23. Be2 Bxf2 24. Rf1 Bg3 25. b4 Qe7 26. Qb3 Qg5 27. c5 bxc5 28.
bxc5 Rxc5 29. Rxc5 dxc5 30. d6+ Kh8 31. d7 Rd8 32. Qe6 Qf6 33. Qe8+ Qf8 34.
Qxf8+ Rxf8 35. Rxf5 Rd8 36. Bb5 c4 37. Bxc4 g6 38. Rd5 e3 39. Kg1 Kg7 40. Kf1
Bc7 41. Ke2 Bb6 42. a4 a5 43. Rd6 Bc5 44. Rc6 Ba7 45. Rc7 Bb6 46. Rb7 Bc5 47.
Rb5 Bb4 48. Rd5 Bd2 49. Bb5 Kf6 50. Rc5 Ke7 51. Rc8 g5 52. g4 h6 53. Bc6 Bc1 54.
Bb5 Bd2 55. Bc6 Bc1 56. Bd5 Rxd7 57. Rxc1 Rxd5 58. Kxe3 Kd6 59. Rc8 Rc5 60. Rd8+
Ke5 61. Re8+ Kf6 62. Ra8 Rc3+ 63. Kf2 Rxh3 64. Rxa5 Ra3 65. Ra6+ Ke5 66. a5 Kf4
67. Rxh6 Ra2+ 68. Kf1 Rxa5 69. Rb6 Kxg4 70. Rb3 Ra2 71. Kg1 Kh4 72. Rc3 g4 73.
Rc8 Kh3 74. Rc1 Rb2 75. Rd1 g3 76. Rc1 Rg2+ 77. Kh1 Rf2 78. Kg1 Rg2+ 79. Kh1
Rh2+ 80. Kg1 Rg2+ 81. Kh1 Rh2+ 82. Kg1 1/2-1/2

[Event "World Blitz Women 2022"]
[Site "Almaty KAZ"]
[Date "2022.12.30"]
[Round "14.25"]
[White "Fataliyeva, Ulviyya"]
[Black "Balabayeva, Xeniya"]
[Result "0-1"]
[WhiteTitle "IM"]
[BlackTitle "WIM"]
[WhiteElo "2428"]
[BlackElo "2183"]
[WhiteFideId "13403052"]
[BlackFideId "13719688"]
[EventDate "2022.12.29"]

1. d4 d5 2. Nc3 Nf6 3. Bf4 Bf5 4. e3 e6 5. Nf3 h6 6. Bd3 Bd6 7. Ne5 c6 8. h3 Qc7
9. Qf3 Bxd3 10. cxd3 Nbd7 11. Nxd7 Qxd7 12. O-O Qc7 13. Bxd6 Qxd6 14. Rac1 O-O
15. a3 Rae8 16. Na4 e5 17. dxe5 Qxe5 18. d4 Qd6 19. Nc5 Re7 20. b4 Ne4 21. Rc2
Nxc5 22. bxc5 Qd7 23. Rb1 f5 24. Rcb2 Qc8 25. Qf4 Rff7 26. h4 Re4 27. Qh2 f4 28.
exf4 Rxd4 29. Rb4 Qf5 30. h5 Rxb4 31. Rxb4 d4 32. Qh4 Rd7 33. Rb2 d3 34. Rd2
Qxc5 35. Qg4 Qd5 36. Qg6 Qf7 37. Qg4 c5 38. f5 c4 39. f6 c3 40. Rxd3 Rxd3 41.
Qc8+ Qf8 42. Qc4+ Kh8 43. fxg7+ Qxg7 44. Qxd3 Qc7 45. Qd4+ Kg8 46. Qg4+ Kf8 47.
Qf5+ Ke8 48. Qg6+ Kd8 49. Qxh6 c2 50. Qc1 Qc3 51. Qg5+ Kc7 52. Qf4+ Kb6 53. Qc1
Qd3 54. Kh2 Qd1 55. Qe3+ Ka6 56. Qe6+ b6 57. Qc4+ Kb7 58. Qe4+ Kc7 59. Qe7+ Kc6
60. Qe4+ Kc5 61. Qb4+ Kd5 62. Qb3+ Ke5 63. Qe3+ Kd5 64. Qb3+ Kc6 65. Qc4+ Kd7
66. Qf7+ Kc8 67. Qg8+ Kc7 68. Qf7+ Kc6 69. Qc4+ Kd7 70. Qf7+ Kd6 71. Qf4+ Kd5
72. Qf5+ Kd4 73. Qf4+ Kc3 74. Qb4+ Kd3 75. Qb3+ Ke2 76. Qe3+ Kf1 77. f4 c1=Q 78.
Qg1+ Ke2 0-1

[Event "World Blitz Women 2022"]
[Site "Almaty KAZ"]
[Date "2022.12.30"]
[Round "14.26"]
[White "Bivol, Alina"]
[Black "Gaponenko, Inna"]
[Result "1/2-1/2"]
[WhiteTitle "IM"]
[BlackTitle "IM"]
[WhiteElo "2364"]
[BlackElo "2341"]
[WhiteFideId "4100123"]
[BlackFideId "14101181"]
[EventDate "2022.12.29"]

1. e4 c5 2. Nf3 g6 3. d4 cxd4 4. Qxd4 Nf6 5. Nc3 Nc6 6. Qa4 d6 7. e5 dxe5 8.
Nxe5 Qd4 9. Nxc6 Qxa4 10. Nxa4 bxc6 11. Bd2 Ne4 12. Be3 Bg7 13. Bd3 Nd6 14. O-O
O-O 15. Rfd1 Rb8 16. Rab1 Rb7 17. b4 Bf5 18. Nc5 Rc7 19. Bf4 e5 20. Bg5 h6 21.
Bc1 Nb7 22. Nxb7 Rxb7 23. Bxf5 gxf5 24. Be3 Rfb8 25. a3 Bf8 26. c3 a5 27. Rbc1
axb4 28. cxb4 Ra8 29. Rd3 f4 30. Bc5 Rb5 31. Bxf8 Kxf8 32. g3 fxg3 33. hxg3 Rb6
34. Rc5 f6 35. Kg2 Rba6 36. Rd6 Ke7 37. Rdxc6 Rxc6 38. Rxc6 Rxa3 39. b5 Rb3 40.
b6 h5 41. Kh3 Rb4 42. Kg2 h4 43. gxh4 Rxh4 44. b7 Rb4 45. Rc7+ Kd6 46. Rh7 Kc6
47. Rf7 Rxb7 48. Rxf6+ Kd5 1/2-1/2

[Event "World Blitz Women 2022"]
[Site "Almaty KAZ"]
[Date "2022.12.30"]
[Round "14.27"]
[White "Eric, Jovana"]
[Black "Balajayeva, Khanim"]
[Result "0-1"]
[WhiteTitle "WGM"]
[BlackTitle "WGM"]
[WhiteElo "2236"]
[BlackElo "2379"]
[WhiteFideId "938238"]
[BlackFideId "13406396"]
[EventDate "2022.12.29"]

1. e4 e5 2. Nf3 Nc6 3. Bc4 Nf6 4. d3 h6 5. Nc3 d6 6. a4 g5 7. a5 a6 8. O-O Bg7
9. Be3 O-O 10. Ne2 d5 11. exd5 Nxd5 12. Bc5 Re8 13. Ng3 Nf4 14. Re1 Qf6 15. Ne4
Qg6 16. Nfd2 Be6 17. Bxe6 Nxe6 18. Nc4 f5 19. Ned6 cxd6 20. Bxd6 Rad8 21. Bxe5
Nxe5 22. Nxe5 Bxe5 23. Rxe5 Nf4 24. Rxe8+ Rxe8 25. d4 Qc6 26. f3 Re2 27. d5
Rxg2+ 28. Kh1 Qxc2 29. Qxc2 Rxc2 30. Rd1 Kf7 0-1

[Event "World Blitz Women 2022"]
[Site "Almaty KAZ"]
[Date "2022.12.30"]
[Round "14.28"]
[White "Atalik, Ekaterina"]
[Black "Nurmanova, Alua"]
[Result "0-1"]
[WhiteTitle "IM"]
[BlackTitle "WIM"]
[WhiteElo "2403"]
[BlackElo "2191"]
[WhiteFideId "4130189"]
[BlackFideId "13729390"]
[EventDate "2022.12.29"]

1. d4 Nf6 2. Nf3 g6 3. g3 Bg7 4. Bg2 O-O 5. O-O d5 6. c4 Nc6 7. cxd5 Nxd5 8. e4
Nb6 9. d5 Na5 10. Nc3 c6 11. Re1 cxd5 12. exd5 h6 13. Nd4 Nac4 14. b3 Nd6 15.
Bb2 h5 16. Qe2 Re8 17. Rad1 Bg4 18. Bf3 Qd7 19. Bxg4 hxg4 20. a4 Rac8 21. a5 Na8
22. a6 Nb6 23. axb7 Qxb7 24. Qxg4 Nbc4 25. Ba1 Ne5 26. Qe2 Qb4 27. Ne4 Nxe4 28.
Qxe4 Qb6 29. f4 Nd7 30. Kg2 Nc5 31. Qf3 Qa6 32. b4 Na4 33. Nc6 e6 34. Bxg7 Kxg7
35. Ne5 exd5 36. Qxd5 Rc2+ 37. Kh1 Re6 38. Ra1 Qb6 39. Qf3 Nc3 40. Rac1 Rxc1 41.
Rxc1 Na2 42. Rb1 Nxb4 43. Qc3 Qb7+ 44. Kg1 Qb6+ 45. Kg2 Nd5 46. Rxb6 Nxc3 47.
Rb7 a5 48. Rxf7+ Kg8 49. Ra7 a4 50. h4 Rb6 51. Kh3 Rb3 52. h5 gxh5 53. Kh4 a3
54. Kxh5 a2 55. Kg6 Rb6+ 56. Kg5 Rb1 57. Kg6 Rb6+ 58. Kg5 Rb1 59. Ra8+ Kg7 60.
f5 a1=Q 61. f6+ Kh7 62. Rxa1 Rxa1 63. Nd7 Ra5+ 64. Kg4 Kg6 65. Kf4 Nd5+ 0-1

[Event "World Blitz Women 2022"]
[Site "Almaty KAZ"]
[Date "2022.12.30"]
[Round "14.29"]
[White "Muminova, Nafisa"]
[Black "Kurmangaliyeva, Liya"]
[Result "1-0"]
[WhiteTitle "WGM"]
[BlackTitle "FM"]
[WhiteElo "2274"]
[BlackElo "2287"]
[WhiteFideId "14201526"]
[BlackFideId "13725831"]
[EventDate "2022.12.29"]

1. e4 c5 2. Nf3 Nc6 3. Bb5 g6 4. O-O Bg7 5. Re1 Nf6 6. c3 O-O 7. d3 d6 8. h3 e5
9. Nbd2 h6 10. Nf1 Be6 11. Ng3 Re8 12. d4 exd4 13. cxd4 cxd4 14. Nxd4 Bd7 15.
Nb3 Qb6 16. Bf1 Ne5 17. Be3 Qc7 18. Rc1 Nc6 19. Bf4 Rad8 20. Qd2 Kh7 21. Bxd6
Qb6 22. Qf4 Rc8 23. e5 Nd5 24. Qxf7 Be6 25. Qf3 a5 26. Nc5 Bg8 27. Bc4 Nxe5 28.
Bxe5 Rxc5 29. Bxg7 Rxe1+ 30. Rxe1 Kxg7 31. Bxd5 Rxd5 32. Re7+ Kh8 33. Qf8 1-0

[Event "World Blitz Women 2022"]
[Site "Almaty KAZ"]
[Date "2022.12.30"]
[Round "14.30"]
[White "Enkhtuul, Altan-Ulzii"]
[Black "Pourkashiyan, Atousa"]
[Result "1-0"]
[WhiteTitle "WGM"]
[BlackTitle "WGM"]
[WhiteElo "2285"]
[BlackElo "2321"]
[WhiteFideId "4901444"]
[BlackFideId "12502014"]
[EventDate "2022.12.29"]

1. d4 Nf6 2. Nc3 d5 3. Bf4 e6 4. a3 c6 5. e3 Be7 6. h3 Nbd7 7. g4 Ne4 8. Nxe4
dxe4 9. Ne2 b6 10. Ng3 Nf6 11. c4 O-O 12. g5 Nd7 13. Nxe4 Bb7 14. Bg2 Kh8 15. h4
c5 16. O-O f5 17. Ng3 Bxg2 18. Kxg2 cxd4 19. exd4 Qc8 20. Qe2 e5 21. dxe5 Nc5
22. f3 Ne6 23. Bd2 f4 24. Ne4 Nd4 25. Qd3 Nf5 26. Rh1 Rd8 27. Qc3 Bc5 28. Bxf4
Bd4 29. Qe1 Qxc4 30. Rc1 Qf7 31. h5 Ne7 32. Bg3 Nd5 33. g6 Qf5 34. Rc3 Bxc3 35.
Nxc3 Nxc3 36. Qxc3 Rd3 37. Qc6 Rd2+ 38. Bf2 Qg5+ 39. Kf1 Rd1+ 40. Be1 Rad8 41.
Qe4 Qc1 42. Kf2 Qxb2+ 43. Kg3 R1d4 44. Qf5 Qe2 45. gxh7 R4d5 46. Bc3 Rd3 47. Bb4
R3d5 48. Bc3 Rd3 49. Re1 Qc2 50. Bb4 Qb3 51. e6 R3d5 52. Qf4 Qc2 53. e7 Re8 54.
Qf8+ Kxh7 55. Qxe8 Rg5+ 56. Kf4 Qf5+ 57. Ke3 Qe6+ 58. Kf2 Qa2+ 59. Re2 Rg2+ 60.
Kxg2 Qxe2+ 61. Kg3 Qe5+ 62. Kf2 Qd4+ 63. Ke2 Qb2+ 64. Kd3 Qb3+ 65. Bc3 Qd5+ 66.
Kc2 Qa2+ 67. Bb2 Qc4+ 68. Kd2 Qd5+ 69. Ke2 Qc4+ 70. Kf2 Qc5+ 71. Kg2 Qg5+ 72.
Kh3 Qf5+ 73. Kg3 Qg5+ 74. Kh2 Qf4+ 75. Kg2 Qg5+ 76. Kf1 Qb5+ 1-0

[Event "World Blitz Women 2022"]
[Site "Almaty KAZ"]
[Date "2022.12.30"]
[Round "14.31"]
[White "Schulze, Lara"]
[Black "Garifullina, Leya"]
[Result "0-1"]
[WhiteTitle "FM"]
[BlackTitle "IM"]
[WhiteElo "2284"]
[BlackElo "2357"]
[WhiteFideId "12956830"]
[BlackFideId "34127035"]
[EventDate "2022.12.29"]

1. e4 c5 2. Nf3 d6 3. Bb5+ Nd7 4. a4 Nf6 5. Nc3 g6 6. a5 Bg7 7. O-O a6 8. Be2
O-O 9. d3 b5 10. axb6 a5 11. Qd2 Nxb6 12. Qg5 a4 13. Qh4 Nh5 14. Ra3 Bd7 15. Ng5
Nf6 16. f4 h6 17. Nf3 e6 18. e5 dxe5 19. fxe5 Nfd5 20. Qh3 g5 21. Ne4 f5 22.
exf6 Nxf6 23. Nxc5 g4 24. Qg3 gxf3 25. Bxf3 Rc8 26. Bxh6 Qe7 27. Nxd7 Nfxd7 28.
c3 Qf6 29. Bg5 Qg6 30. Be4 Rxf1+ 31. Kxf1 Rf8+ 32. Kg1 Qh5 33. Ra1 Ne5 34. d4
Nec4 35. Be7 Re8 36. Bf6 Qh6 37. Rf1 Rf8 38. Bxg7 Rxf1+ 39. Kxf1 Qxg7 40. Qb8+
Qf8+ 41. Qxf8+ Kxf8 42. h4 Nxb2 43. Bb1 a3 44. Ba2 Kg7 45. Ke2 Nd5 46. c4 Nc3+
47. Kd2 Nxa2 48. d5 Nb4 49. Kc1 e5 50. c5 Nxd5 51. c6 Nc4 52. Kc2 e4 53. Kb3 Nc7
54. Ka2 e3 55. Kb3 e2 56. Ka2 e1=Q 57. Kb3 Qe3+ 58. Ka2 Qc3 59. Kb1 Qb2# 0-1

[Event "World Blitz Women 2022"]
[Site "Almaty KAZ"]
[Date "2022.12.30"]
[Round "14.32"]
[White "Nurgali, Nazerke"]
[Black "Kovanova, Baira"]
[Result "1-0"]
[WhiteTitle "WIM"]
[BlackTitle "WGM"]
[WhiteElo "2168"]
[BlackElo "2317"]
[WhiteFideId "13711261"]
[BlackFideId "4164083"]
[EventDate "2022.12.29"]

1. d4 Nf6 2. Nf3 e6 3. c4 d5 4. Nc3 Nbd7 5. Bg5 h6 6. Bh4 Be7 7. e3 c6 8. Bd3 b6
9. O-O Bb7 10. Rc1 O-O 11. Qe2 c5 12. cxd5 exd5 13. Rfd1 cxd4 14. Nxd4 Ne4 15.
Bxe7 Qxe7 16. Bxe4 dxe4 17. Nf5 Qf6 18. Rxd7 Bc8 19. Ne7+ Kh8 20. Nxc8 Rfxc8 21.
h3 Kg8 22. Rcd1 Re8 23. Nd5 Qe5 24. Nc7 1-0

[Event "World Blitz Women 2022"]
[Site "Almaty KAZ"]
[Date "2022.12.30"]
[Round "14.33"]
[White "Kairbekova, Amina"]
[Black "Lhotska, Anna"]
[Result "0-1"]
[WhiteTitle "WIM"]
[BlackTitle "WFM"]
[WhiteElo "2209"]
[BlackElo "2159"]
[WhiteFideId "13712799"]
[BlackFideId "376183"]
[EventDate "2022.12.29"]

1. e4 c5 2. Nf3 d6 3. d4 cxd4 4. Nxd4 Nf6 5. Nc3 a6 6. f3 e6 7. Be3 b5 8. a3 Bb7
9. g4 Nfd7 10. Qd2 Nb6 11. O-O-O N8d7 12. g5 Rc8 13. Bg1 Ne5 14. f4 Nec4 15.
Bxc4 Nxc4 16. Qd3 Qa5 17. Nb3 Qc7 18. h4 Nxa3 19. Rh3 Nc4 20. f5 b4 21. Na4 Ne5
22. Qe2 Bc6 23. Nb6 Bb5 24. Qf2 Rb8 25. Kb1 Be7 26. fxe6 fxe6 27. Nd4 Qxb6 28.
Nxe6 Qxf2 29. Bxf2 Bd7 30. Nxg7+ Kf7 31. Nf5 h6 32. g6+ Kf6 33. h5 Bxf5 34. Bh4+
Ke6 35. exf5+ Kd7 36. f6 Bf8 37. g7 Rg8 38. gxf8=Q Rbxf8 39. Re3 Re8 40. Re4 Ke6
41. Red4 Rd8 42. f7 Nxf7 43. Bxd8 Rxd8 44. Re1+ Ne5 45. Ka2 a5 46. Kb3 Ra8 47.
Ka4 Rc8 48. Re2 Rc5 49. Rg4 Kf6 50. Rd4 Nc4 51. Rf2+ Ke5 52. Rd1 Nxb2+ 53. Kb3
Nxd1 54. Rf7 Nc3 55. Rh7 Kf4 56. Rxh6 Kg4 57. Rxd6 Rxh5 58. Rd4+ Kf3 59. Rd3+
Ke4 60. Rd8 Rd5 61. Re8+ Kd4 62. Ra8 Ke3 63. Rh8 Kd2 64. Rh2+ Ne2 65. Rg2 Rc5
66. Rg8 Nd4+ 67. Ka4 Nxc2 68. Rd8+ Kc3 69. Rh8 Kb2 70. Rh2 b3 71. Rg2 Rc3 72.
Kxa5 Kb1 73. Rg1+ Ka2 74. Ka4 b2 75. Rg4 b1=Q 76. Rg2 Qb3+ 77. Ka5 Rc5+ 0-1